Environmental engineering (Record no. 5357)

000 -LEADER
fixed length control field 00678nam a2200241 4500
001 - CONTROL NUMBER
control field 5357
003 - CONTROL NUMBER IDENTIFIER
control field BD-DhUET
008 - FIXED-LENGTH DATA ELEMENTS--GENERAL INFORMATION
fixed length control field 141126b xxu||||| |||| 00| 0 eng d
020 ## - INTERNATIONAL STANDARD BOOK NUMBER
International Standard Book Number 0071002316
040 ## - CATALOGING SOURCE
Transcribing agency 0
Modifying agency BD-DhUET
082 ## - DEWEY DECIMAL CLASSIFICATION NUMBER
Classification number 628
Item number PEA/1985
100 ## - MAIN ENTRY--PERSONAL NAME
Personal name Peavy, Howard S
245 ## - TITLE STATEMENT
Title Environmental engineering
250 ## - EDITION STATEMENT
Edition statement 1st ed.
260 ## - PUBLICATION, DISTRIBUTION, ETC. (IMPRINT)
Place of publication, distribution, etc. New york
Name of publisher, distributor, etc. McGraw-Hill
Date of publication, distribution, etc. 1985
300 ## - PHYSICAL DESCRIPTION
Extent xiv,699 p.+various paging
Other physical details ill.
490 ## - SERIES STATEMENT
Series statement McGraw-Hill series in water resources and environmental engineering
504 ## - BIBLIOGRAPHY, ETC. NOTE
Bibliography, etc Includes bibliographies
650 #0 - SUBJECT ADDED ENTRY--TOPICAL TERM
Topical term or geographic name as entry element Environmental engineering
700 ## - ADDED ENTRY--PERSONAL NAME
Personal name Rowe, Donald R.
700 ## - ADDED ENTRY--PERSONAL NAME
Personal name Tchobanoglous, George
942 ## - ADDED ENTRY ELEMENTS (KOHA)
Koha item type General Book
Holdings
Lost status Location (home branch) Koha renewals Sublocation or collection (holding branch) Source of classification or shelving scheme Damaged status Koha issues (times borrowed) Price effective from Shelving location Copy number Koha full call number Withdrawn status Koha date last borrowed Koha item type Not for loan Piece designation (barcode) Date acquired Koha date last seen Koha normalized classification for sorting
 Central Library, BUET Central Library, BUET  92014-11-26Circulation section1628/PEA/1985 2023-12-10General Book 818962014-11-262024-09-08628PEA1985
 Central Library, BUET Central Library, BUET  102014-11-26Circulation section2628/PEA/1985 2024-03-16General Book 818952014-11-262024-06-02628PEA1985
 Central Library, BUET Central Library, BUET   2015-06-18Reading section3628/PEA/1985  Reading Item 887882015-06-182015-06-18628_000000000000000_PEA_1985
 Central Library, BUET Central Library, BUET   2015-06-18Reading section4628/PEA/1985  Reading Item 875792015-06-182015-06-18628_000000000000000_PEA_1985
 Central Library, BUET Central Library, BUET  22017-10-31Circulation section5628/PEA/1985 2020-03-16General Book 818941991-10-282021-11-13628_000000000000000_PEA_1985
 Central Library, BUET Central Library, BUET   2024-12-01Rental sectionক-৫১628 PEA/1985  Rental Item 818471991-10-282024-12-01628_000000000000000_PEA_1985
 Central Library, BUET Central Library, BUET   2024-12-01Rental sectionক-৭৮628 PEA/1985  Rental Item 818741991-10-282024-12-01628_000000000000000_PEA_1985
 Central Library, BUET Central Library, BUET   2024-12-01Rental sectionক-৭৯628 PEA/1985  Rental Item 818751991-10-282024-12-01628_000000000000000_PEA_1985
 Central Library, BUET Central Library, BUET   2024-12-01Rental sectionক-৮০628 PEA/1985  Rental Item 818761991-10-282024-12-01628_000000000000000_PEA_1985
 Central Library, BUET Central Library, BUET   2024-12-01Rental sectionক-৮১628 PEA/1985  Rental Item 818771991-10-282024-12-01628_000000000000000_PEA_1985
 Central Library, BUET Central Library, BUET   2024-12-01Rental sectionক-৮২628 PEA/1985  Rental Item 818781991-10-282024-12-01628_000000000000000_PEA_1985
 Central Library, BUET Central Library, BUET   2024-12-01Rental sectionক-৮৩628 PEA/1985  Rental Item 818791991-10-282024-12-01628_000000000000000_PEA_1985
 Central Library, BUET Central Library, BUET   2024-12-01Rental sectionক-৮৪628 PEA/1985  Rental Item 818801991-10-282024-12-01628_000000000000000_PEA_1985
 Central Library, BUET Central Library, BUET   2024-12-01Rental sectionক-৮৫628 PEA/1985  Rental Item 818811991-10-282024-12-01628_000000000000000_PEA_1985
 Central Library, BUET Central Library, BUET   2024-12-01Rental sectionক-৮৬628 PEA/1985  Rental Item 818821991-10-282024-12-01628_000000000000000_PEA_1985
 Central Library, BUET Central Library, BUET   2024-12-01Rental sectionক-৮৭628 PEA/1985  Rental Item 818831991-10-282024-12-01628_000000000000000_PEA_1985
 Central Library, BUET Central Library, BUET   2024-12-01Rental sectionক-৮৭628 PEA/1985  Rental Item 818841991-10-282024-12-01628_000000000000000_PEA_1985